000 00285nam a22001337a 4500
008 170524b xxu||||| |||| 00| 0 eng d
020 _a9780827385504
041 _aeng
080 _a621.3
100 _a26
101 _aIM
245 _aELECTRICITY
_cSTEPHEN.L.H
942 _2udc
_cBK
999 _c14135
_d14135